Citrus Fruits - Sudden Death - Statistics

General Stats
  • This quiz has been taken 108 times
  • The average score is 8 of 15
Answers on the Grid
Answers color-coded by a green-red scale on the quiz's grid according to % correct below.
Lemon
Lime
Grapefruit
Pomelo
Mandarin
Kumquat
Citron
Rangpur
Satsuma
Tangerine
Kabosu
Orange
Sudachi
Papeda
Clymenia
Apple
Pear
Blackcurrant
Gooseberry
Eggplant
Dragonfruit
Passion Fruit
Durian
Plum
Peach
Nectarine
Pomegranate
Banana
 
Answer Stats
Answer % Correct
Lime
76%
Lemon
75%
Orange
74%
Tangerine
71%
Citron
61%
Mandarin
61%
Grapefruit
60%
Pomelo
55%
Kumquat
44%
Satsuma
40%
Clymenia
30%
Kabosu
26%
Papeda
26%
Sudachi
26%
Rangpur
25%
No matching quizzes found
Score Distribution
Percent of People with Each Score
Percentile by Number Answered
Your Score History
You have not taken this quiz